Criminal Minds Quiz Stats

 Plays Quiz not verified by Sporcle

Also try: The Wire Nicknames
Challenge
Share
Tweet
Embed
Score 0/9 Timer 04:00
0 Plays Today
Quote Character Name % Correct
'Boys behave, or I will ground you both.'Jennifer Jareau
92.6%
'I never have any normal fans.'Spencer Reid
85%
'It's ok, it's what we call the Reid effect. It happens with children too.'Aaron Hotchner
83.3%
'Easy there tough guy. Have some coffee with your sugar.'Derek Morgan
69%
'What's vactation time?'Jason Gideon
63%
'Why not? I haven't slept in days. I might as well give up eating too.'Penelope Garcia
57.5%
'Classic cannibalism. Lovely job we have.'David Rossi
55.8%
'When a woman tells a man about her feelings, she doesn't want him to fix her, she wants him to shut up and listen.'Emily Prentiss
47.2%
'How do you think he'd feel about mom?'Elle Greenaway
38.7%

You're not logged in!

Compare scores with friends on all Sporcle quizzes.
OR
Log In

You Might Also Like...

Show Comments

Extras

Top Quizzes Today


Score Distribution

Your Account Isn't Verified!

In order to create a playlist on Sporcle, you need to verify the email address you used during registration. Go to your Sporcle Settings to finish the process.

Report this User

Report this user for behavior that violates our Community Guidelines.

Details: